Making hard decisions: an introduction to decision analysis

Gespeichert in:
Bibliographische Detailangaben
1. Verfasser: Clemen, Robert T (VerfasserIn)
Format: Buch
Sprache:Englisch
Veröffentlicht: Belmont Duxbury 1990
Schlagworte:
Tags: Tag hinzufügen
Keine Tags, Fügen Sie den ersten Tag hinzu!

MARC

LEADER 00000nam a2200000 a 4500
001 UCY8368
003 CL-VaPUC
008 950703e19900000US |||||||||||||||||eng|d
082 0 4 |a 658.403  |b CLE  |2 21 
100 0 |a Clemen, Robert T  |e author  |9 339653 
245 1 0 |a Making hard decisions: an introduction to decision analysis  
300 |a 557 p 
942 |c BK 
945 |d 19950703 00:00:00  |a awong 
260 |a Belmont  |b Duxbury  |c 1990 
650 0 |a Toma de decisiones   |9 257530 
650 0 |a Teoría de probabilidades   |9 336944 
650 7 |a MODELOS DE DECISION  |2 CL-VaPUC  |9 339654 
650 7 |a AYUDAS A LA DECISION  |2 CL-VaPUC  |9 339655 
583 |a last modification  |c 19950703 00:00:00  |k Rodrigo Vera 
999 |c 235633  |d 235631 
952 |0 0  |1 0  |4 0  |6 658_403000000000000_CLE_1990  |7 0  |8 CCM  |9 243179  |a BIBCUR  |b BIBCUR  |d 2019-11-18  |i 3093700  |o 658.403 CLE 1990  |p 3093700  |r 2025-04-22  |w 2019-11-18  |y BK  |k CIM